Úrazové poistenie v Sociálnej poisťovni [2]
Pokračovanie z č. 10/2003. Zavedenie diferencovaných sadzieb poistného na úrazové poistenie a zavedenie systému prirážok k poistnému a zliav na poistnom v závislosti na miere bezpečnostného rizika a úrovni starostlivosti, ktorú venuje zamestnávateľ oblasti bezpečnosti a ochrany zdravia zamestnancov...
Enregistré dans:
| Auteur principal: | |
|---|---|
| Format: | Chapitre de livre |
| Langue: | slovaque |
| Sujets: | |
| Tags: |
Pas de tags, Soyez le premier à ajouter un tag!
|
MARC
| LEADER | 00000naa$a2200000$$$4500 | ||
|---|---|---|---|
| 001 | 0003714 | ||
| 005 | 20230925073229.2 | ||
| 041 | 0 | |a slo | |
| 044 | |a SK | ||
| 245 | 1 | 0 | |a Úrazové poistenie v Sociálnej poisťovni [2] |c aut. Štefan Brunovský |
| 520 | |a Pokračovanie z č. 10/2003. Zavedenie diferencovaných sadzieb poistného na úrazové poistenie a zavedenie systému prirážok k poistnému a zliav na poistnom v závislosti na miere bezpečnostného rizika a úrovni starostlivosti, ktorú venuje zamestnávateľ oblasti bezpečnosti a ochrany zdravia zamestnancov pri práci. | ||
| 610 | 2 | 0 | |a Slovensko |
| 610 | 2 | 0 | |a poistenie sociálne |
| 610 | 2 | 0 | |a poistenie úrazové |
| 610 | 2 | 0 | |a prevencia |
| 610 | 2 | 0 | |a ochrana pred úrazmi |
| 100 | 1 | |a Brunovský, Štefan | |